Afrikaans Words: Animals - Statistics

General Stats
  • This quiz has been taken 34 times
  • The average score is 36 of 72
Answer Stats
English Words Afrikaans Words % Correct
Animal Dier
76%
Animals Diere
76%
Cat Kat
76%
Cats Katte
76%
Dog Hond
72%
Dogs Honde
72%
Springbok Springbok
72%
Springboks Springbokke
68%
Fish Vis
68%
Fishes Visse
68%
Monkey Aap
64%
Deer Bok/Hert
64%
Deers Bokke/Herte
64%
Wild Wild
64%
Wolf Wolf
64%
Goat Bok
60%
Goats Bokke
60%
Monkeys Ape
56%
Cow Koei
56%
Cows Koeie
56%
Lion Leeu
56%
Elephant Olifant
56%
Bear Beer
52%
Bears Bere
52%
Chicken Hoender
52%
Chickens Hoenders
52%
Giraffe Kameelperd
52%
Elephants Olifante
52%
Horse Perd
52%
Horses Perde
52%
Snake Slang
52%
Tiger Tier
52%
Fly Vlieg
52%
Bird Voël
52%
Birds Voëls
52%
Donkey Donkie
48%
Donkeys Donkies
48%
Giraffes Kameelperde
48%
Lions Leeus
48%
Snakes Slange
48%
Tigers Tiere
48%
Worm Wurm
48%
Ant Mier
44%
Ants Miere
44%
Rhino Renoster
44%
Rhinos Renosters
44%
Snail Slak
44%
Snails Slakke
44%
Spider Spinnekop
44%
Spiders Spinnekoppe
44%
Flies Vlieë
44%
Bug Gogga/kewer
40%
Bugs Goggas/kewers
40%
Rabbit Haas
40%
Kitten Katjie
40%
Kittens Katjies
40%
Parrot Papegaai
40%
Parrots Papegaaie
40%
Zebra Sebra
40%
Zebras Sebras
40%
Seagull Seemeeu/Seevoël
40%
Pet Troeteldier
40%
Pets Troeteldiere
40%
Cockroach Kakkerlak
36%
Cockroach Kakkerlakke
36%
Wolves Wolwe
36%
Worms Wurms
36%
Rabbits Hase
32%
Puppy Hondjie
32%
Puppies Hondjies
32%
Seagulls Meeue/Seevoëls
32%
Domestic Huishoudelike
0%
No matching quizzes found
Score Distribution
Percent of People with Each Score
Percentile by Number Answered
Your Score History
You have not taken this quiz